Регионална библиотека "Любен Каравелов" - Русе

Дейзи Джоунс & The Six (Запис номер 372890)

MARC детайли
000 -Лидер
Лидер 01203nam a2200265 a 4500
003 - Код на организацията, давaща контролен номер
Код на организацията, даваща контролен номер BLK
005 - Дата и час на последна редакция
Дата и час на последна редакция 20250403100453.0
008 - Елементи от данни с фиксирана дължина
Елементи с фиксирана дължина 200703b bu ||||| |||| 00| 0 bu d
020 ## - Международен стандартен номер на книга ISBN
ISBN 9789547832916
040 ## - Източник на каталожния запис
Код на библиотеката BLK
041 ## - Код за език
Език Български
Език за КДБФ Български
080 ## - УДК
УДК текст Американска литература (на САЩ)
УДК код 821.111(73)
УДК – определител -31
УДК – код + определител 821.111(73)-31
100 ## - Редна дума - Автор
Автор Рийд, Тейлър Дженкинс
R(LIN) 1299
245 ## - Сведения за заглавието
Заглавие Дейзи Джоунс & The Six
Подзаглавни данни историята на рок чудото от седемдесетте
Авторска отговорност Тейлър Дженкинс Рийд ; прев. Десислава Велинова
260 ## - Област на издателските данни
9 (RLIN) 417379
Място на издаване София
Име на издателя Locus publ.
Година на издаване 2019
Печатница София : Алианс принт
300 ## - Физическа характеристика
Брой страници 383 с.
Размер 20 см
380 ## - Жанр
Жанр Худож. лит.
490 ## - СЕРИИ (Колекции)
9 (RLIN) 417306
Серия Библиотека Lux in tenebris
Номер в серията 5
ISSN на серия C634-7967
500 ## - Общи забележки
Обща забележка Ориг. загл.: Daisy Jones & The Six / Taylor Jenkins Reid
700 ## - Други автори (авторска отговорност)
9 (RLIN) 966
Друг автор Велинова, Десислава
Авт. отговорност на др. автор прев.
852 ## - Местоположение
Сигнатура (форматна) Цб 300585
Отдел Хранилище
942 ## - АРТИКУЛИ
Вид на библиотечния документ Книги
Скрит в OPAC Не
Koha issues (borrowed), all copies 3
944 ## - СЪЗДАВАНЕ И РЕДАКЦИЯ на ЗАПИСА
Създаване/Редакция Създаване
Дата на регистрацията/редакция 2020-07-03
Служител, извършил регистрацията/редакцията 30531
Номер на служител Цветелина Шанова
999 ## - СИСТЕМНИ КОНТРОЛНИ НОМЕРА
Koha biblionumber 372890
Koha biblioitemnumber 372890
Наличности
Код за отписване Код за изгубен артикул Източник на класификационната схема Код за повреда Коз за рестрикции Код за отдаване Артикулен № Име на библиотеката - собственик Име на библиотеката, в която се намира в момента Статус (Текущо местоположение) Дата на вписване в системата Местоположение - отдел Цена в лева Систематично азбучна сигнатура Баркод Цена в евро Служебен тип на артикула Инвентарен номер
  Не е изгубен Universal Decimal Classification Не е повреден без рестрикции ползва се в читалня 781598 Регионална библиотека "Любен Каравелов" Русе Регионална библиотека "Любен Каравелов" Русе Хранилище 2020-07-06 Хранилище 18.00 Цб 300585 120000845569 9.20 Книги  
  Не е изгубен Universal Decimal Classification Не е повреден   заемане за дома 957662 Регионална библиотека "Любен Каравелов" Русе Регионална библиотека "Любен Каравелов" Русе Заемна - подръчен фонд 2025-01-08 Заемна - подръчен фонд 18.00 821-31/Р 58 Т 120000916444 9.20 Книги 120000916444
Vip Innovations Ltd, Rousse, Bulgaria 2025